000 00308nam a2200121Ia 4500
008 220204s9999 xx 000 0 und d
082 _a631.111:711.14
_bVIN
100 _aVINK, A P A
245 0 _aLanduse in advancing agriculture.
260 _aNew York
_bSpringer
_c1975
650 _aLand use
942 _cBK
999 _c23760
_d23760